La comunidad : (Record no. 10503)

MARC details
000 -CABECERA
campo de control de longitud fija 00667nam a2200205 a 4500
005 - FECHA Y HORA DE LA ÚLTIMA TRANSACCIÓN
campo de control 20241107063726.0
008 - ELEMENTOS DE LONGITUD FIJA--INFORMACIÓN GENERAL
campo de control de longitud fija 991125s1970 mx 000 0 spa u
035 ## - NÚMERO DE CONTROL DEL SISTEMA
Número de control de sistema UPN01000010503
049 ## - COLECCIÓN
Colección CG
050 #4 - SIGNATURA TOPOGRÁFICA DE LA BIBLIOTECA DEL CONGRESO
Número de clasificación LB1578 A2
Número de documento/Ítem E2.2
100 1# - ASIENTO PRINCIPAL--NOMBRE PERSONAL
Nombre de persona Echegoyen de Cañizares, Ana
245 13 - MENCIÓN DE TÍTULO
Título La comunidad :
Resto del título libro cuarto /
Mención de responsabilidad, etc. Ana Echegoyen de C. y Jesús Isaís Reyes.
260 ## - PUBLICACIÓN, DISTRIBUCIÓN, ETC.
Lugar de publicación, distribución, etc. Pátzcuaro, Mich. :
Nombre del editor, distribuidor, etc. CREFAL,
Fecha de publicación, distribución, etc. [197-?].
300 ## - DESCRIPCIÓN FÍSICA
Extensión 27 p.
500 ## - NOTA GENERAL
Nota general Disponible en la Colección Medina
650 #4 - ASIENTO SECUNDARIO DE MATERIA - TERMINO TEMATICO
Término de materia o nombre geográfico como elemento de entrada Cartillas (Lectura elemental)
9 (RLIN) 1832
650 #4 - ASIENTO SECUNDARIO DE MATERIA - TERMINO TEMATICO
Término de materia o nombre geográfico como elemento de entrada Comunidad, Vida de
9 (RLIN) 11476
700 1# - ASIENTO SECUNDARIO--NOMBRE DE PERSONAL
Nombre de persona Isais Reyes, Jesús María,
Fechas asociadas al nombre n. 1901
Término indicativo de función/relación coaut.
9 (RLIN) 28921
905 ## - TIPO DE MATERIAL
Tipo de material Libro
Holdings
Estado de retiro Estado de pérdida Fuente del sistema de clasificación o colocación Estado dañado No para préstamo Código de colección Localización permanente Ubicación/localización actual Ubicación en estantería Fecha de adquisición Clasificación Código de barras Fecha visto por última vez Número de copia Tipo de ítem Koha
    Library of Congress Classification   Disponible (Préstamo en sala) Colección Medina Bib. Gregorio Torres Quintero Bib. Gregorio Torres Quintero Colecciones especiales Planta alta 30/01/2023 LB1578 A2 E2.2 19655F 31/12/2020 1 Libro